Family Guy Historical Figures Quiz Stats

 Plays Quiz Updated May 13, 2015

Challenge
Share
Tweet
Score 0/20 Timer 05:00
1 Play Today
Picture Historical Figure % Correct
Abraham Lincoln
97.2%
Neil Armstrong
89.5%
Walt Disney
83.9%
Leonardo da Vinci
83.4%
Albert Einstein
82.8%
Joan of Arc
81.9%
Ludwig van Beethoven
77.6%
Vincent van Gogh
74.8%
Al Capone
71.5%
John Wilkes Booth
68.2%
Picture Historical Figure % Correct
Christopher Columbus
61.2%
Pablo Picasso
56%
Winston Churchill
55%
Davy Crockett
50.7%
Spartacus
44.9%
Aaron Burr and Alexander Hamilton
43.8%
Jackson Pollock
40.5%
M.C. Escher
37.8%
Lee Harvey Oswald
31.5%
Louis XVI
31.2%

You're not logged in!

Compare scores with friends on all Sporcle quizzes.
Join for Free
OR
Log In

You Might Also Like...

Show Comments

Extras

Top Quizzes Today


Score Distribution

Your Account Isn't Verified!

In order to create a playlist on Sporcle, you need to verify the email address you used during registration. Go to your Sporcle Settings to finish the process.

Report this User

Report this user for behavior that violates our Community Guidelines.

Details: